<?xml version="1.0" encoding="UTF-8"?>
<record
    xmlns:xsi="http://www.w3.org/2001/XMLSchema-instance"
    xsi:schemaLocation="http://www.loc.gov/MARC21/slim http://www.loc.gov/standards/marcxml/schema/MARC21slim.xsd"
    xmlns="http://www.loc.gov/MARC21/slim">

  <leader>02017nab a22003017a 4500</leader>
  <datafield tag="999" ind1=" " ind2=" ">
    <subfield code="c">5317</subfield>
    <subfield code="d">5317</subfield>
  </datafield>
  <controlfield tag="003">OSt</controlfield>
  <controlfield tag="005">20250221104100.0</controlfield>
  <controlfield tag="008">190603e        xxum|||| |||| 00| 0 spa d</controlfield>
  <datafield tag="040" ind1=" " ind2=" ">
    <subfield code="c">PJ-TDF</subfield>
  </datafield>
  <datafield tag="100" ind1=" " ind2=" ">
    <subfield code="9">4791</subfield>
    <subfield code="a">Azar, Aldo Marcelo</subfield>
  </datafield>
  <datafield tag="245" ind1="1" ind2="0">
    <subfield code="a">Responsabilidad por los sistemas de inteligencia artificial en entornos virtuales, aplicaciones, sitios de internet y plataformas digitales. La configuraci&#xF3;n de una nueva obligaci&#xF3;n de seguridad por da&#xF1;os a derechos personal&#xED;simos, datos personales y atributos de la personalidad a la luz de los Tratados de Derechos Humanos  /</subfield>
    <subfield code="c">Aldo M. Azar.</subfield>
  </datafield>
  <datafield tag="260" ind1=" " ind2=" ">
    <subfield code="c">Ciudad Aut&#xF3;noma de Buenos Aires :</subfield>
    <subfield code="a">Thomson Reuters La Ley, </subfield>
    <subfield code="b">2024.</subfield>
  </datafield>
  <datafield tag="300" ind1=" " ind2=" ">
    <subfield code="a">p. 75-84</subfield>
  </datafield>
  <datafield tag="500" ind1=" " ind2=" ">
    <subfield code="a">Cita: TR LALEY AR/DOC/1983/2024.

Publicado en: R.C.C. y C. 2024 (Septiembre-Octubre). EDICI&#xD3;N ESPECIAL: XXIX Jornadas Nacionales de Derecho Civil.</subfield>
  </datafield>
  <datafield tag="505" ind1=" " ind2=" ">
    <subfield code="a">Sumario: I. Conceptualizaci&#xF3;n inicial de la inteligencia artificial (IA) y delimitaci&#xF3;n de los fen&#xF3;menos bajo an&#xE1;lisis.&#x2014; II. Hechos productores de da&#xF1;os.&#x2014; III. La afectaci&#xF3;n de los derechos personal&#xED;simos y de los atributos de la personalidad.&#x2014; IV. Factores de atribuci&#xF3;n de responsabilidad.&#x2014; V. La configuraci&#xF3;n de una nueva y especial obligaci&#xF3;n de seguridad.&#x2014; VI. La responsabilidad por da&#xF1;os causados por la IA en entornos virtuales.
</subfield>
  </datafield>
  <datafield tag="505" ind1=" " ind2=" ">
    <subfield code="t">&#xBF;Te interesa el texto completo? Solicitalo al correo: koha@justierradelfuego.gov.ar</subfield>
  </datafield>
  <datafield tag="650" ind1=" " ind2="0">
    <subfield code="9">5817</subfield>
    <subfield code="a">INTELIGENCIA ARTIFICIAL</subfield>
  </datafield>
  <datafield tag="650" ind1=" " ind2="0">
    <subfield code="9">1467</subfield>
    <subfield code="a">RESPONSABILIDAD CIVIL</subfield>
  </datafield>
  <datafield tag="650" ind1=" " ind2="0">
    <subfield code="9">6081</subfield>
    <subfield code="a">CIENCIA Y TECNOLOG&#xCD;A</subfield>
  </datafield>
  <datafield tag="650" ind1=" " ind2="0">
    <subfield code="9">2823</subfield>
    <subfield code="a">DA&#xD1;OS Y PERJUICIOS</subfield>
  </datafield>
  <datafield tag="650" ind1=" " ind2="0">
    <subfield code="9">2823</subfield>
    <subfield code="a">DA&#xD1;OS Y PERJUICIOS</subfield>
  </datafield>
  <datafield tag="650" ind1=" " ind2="0">
    <subfield code="9">2724</subfield>
    <subfield code="a">DERECHO A LA INTIMIDAD</subfield>
  </datafield>
  <datafield tag="650" ind1=" " ind2="0">
    <subfield code="9">4108</subfield>
    <subfield code="a">DATOS PERSONALES</subfield>
  </datafield>
  <datafield tag="650" ind1=" " ind2="0">
    <subfield code="9">765</subfield>
    <subfield code="a">DERECHOS PERSONAL&#xCD;SIMOS</subfield>
  </datafield>
  <datafield tag="700" ind1=" " ind2=" ">
    <subfield code="9">6366</subfield>
    <subfield code="a">Guerreiro, Pablo N.</subfield>
    <subfield code="e">coautor</subfield>
  </datafield>
  <datafield tag="773" ind1="0" ind2=" ">
    <subfield code="0">2713</subfield>
    <subfield code="9">3170</subfield>
    <subfield code="d">Ciudad Aut&#xF3;noma de Buenos Aires : Thomson Reuters La Ley, 2015-</subfield>
    <subfield code="t">Revista C&#xF3;digo Civil y Comercial. N&#xBA; 5 - Septiembre-Octubre 2024</subfield>
  </datafield>
  <datafield tag="942" ind1=" " ind2=" ">
    <subfield code="2">udc</subfield>
    <subfield code="c">ANA</subfield>
  </datafield>
</record>
